| 000 | 01392nam a22002417a 4500 | ||
|---|---|---|---|
| 001 | 3412 | ||
| 003 | FISKH | ||
| 005 | 20240304102639.0 | ||
| 008 | 240304b cb ||||| |||| 00| 0 eng d | ||
| 020 | _a9781107647046 | ||
| 040 |
_aFISKH _beng _cFISKH _dFISKH |
||
| 050 | _aPZ7 | ||
| 082 | _a421 | ||
| 100 | _aBudgell, Gill | ||
| 245 |
_aCambridge primary English stage 2 teacher's resource book / _cGill Budgell and Kate Ruttle |
||
| 260 |
_aNew York : _bCambridge, _c2016. |
||
| 300 |
_a150, 150 unnumbered pages : _billustrations ; _c28 cm |
||
| 520 | _aCambridge Primary English is a flexible, endorsed course written specifically to support Cambridge International Examinations' curriculum framework (Stages 1-6). This Teacher's Book includes the following features. A complete mapping grid to the Cambridge Primary English curriculum framework. Step-by-step teaching notes including opportunities for differentiated learning and spelling link boxes to highlight where spelling practice could be integrated. Fully cross-referenced for the most effective use of the Cambridge Primary English Learner's Book and Activity Book. Over 30 Photocopy masters (PCMs) and photocopiable spelling lists. A CD-ROM including PDFs of the Teacher's Book content for printing and reference. | ||
| 650 | _aEnglish Learner | ||
| 700 |
_aRuttle, Kate _eAuthor |
||
| 942 |
_2ddc _cBK _n0 |
||
| 999 |
_c3412 _d3412 |
||